Κατάλογος Βιβλιοθηκών Mediterranean College

Mathematics for Management and Finance / Sixth Edition (Record no. 73)

MARC details
000 -LEADER
fixed length control field 01299cam a22002054a 4500
005 - ΗΜΕΡΟΜΗΝΙΑ ΚΑΙ ΩΡΑ ΤΕΛΕΥΤΑΙΑΣ ΕΝΗΜΕΡΩΣΗΣ
Πεδίο ελέγχου 20250605163922.0
008 - FIXED-LENGTH DATA ELEMENTS--GENERAL INFORMATION
Πεδίο ελέγχου σταθερού μήκους 250528s ||||||||||||||||||||||||d
035 ## - SYSTEM CONTROL NUMBER
System control number 14440
020 ## - ISBN
ISBN 53498228
040 ## - ΠΗΓΗ ΚΑΤΑΛΟΓΟΓΡΑΦΗΣΗΣ
Φορέας πρωτότυπης καταλογογράφησης MC Athens Campus Library
Γλώσσα καταλογογράφησης Ελληνικά, Μοντέρνα (1453-)
Modifying agency MC Athens Campus Library
Κανόνες περιγραφικής καταλογογράφησης AACR2
245 1# - ΤΙΤΛΟΣ ΚΑΙ ΔΗΛΩΣΗ ΥΠΕΥΘΥΝΟΤΗΤΑΣ
Τίτλος Mathematics for Management and Finance / Sixth Edition
250 ## - EDITION STATEMENT
Edition statement 6th
260 ## - PUBLICATION, DISTRIBUTION, ETC.
Name of publisher, distributor, etc. South-Western Publishing Co,
Date of publication, distribution, etc. 1990
300 ## - PHYSICAL DESCRIPTION
Extent 820
520 ## - SUMMARY, ETC.
Summary, etc. Basic and Modern Mathematics, Review of Basic Arithmetic, Review of Basic Algebra, Supplemental Algebraic Operations, Basic Modern Algebra, Modern Algebra and Supplemental Topics, Mathematics in Business Management, Introduction to Statistical Methods, The Income Statement, Simple Interest and Simple Discount, Bank Discount and Negotiable Instruments, Mathematics in Investment - Basic Topics, Introduction to Calculators and Computers, Compound Interest - Computing Basic Values, Compound Interest - Additional Problems, Ordinary Annuities, Other Annuities Certain, Mathematics in Investment - Applications, Extinction of Debts, Investment in Bonds, Depreciation and Depletion, Pertity and Capitalization, Life Annuities, Life Insurance, Appendix Tables, Answers to Odd-Numbered Problems, Index.
700 1# - ΠΡΟΣΘΕΤΗ ΑΝΑΓΡΑΦΗ--ΦΥΣΙΚΟ ΠΡΟΣΩΠΟ
Personal name Shao
9 (RLIN) 102
942 ## - ADDED ENTRY ELEMENTS (KOHA)
Koha item type Books
Holdings
Τύπος τεκμηρίου Βιβλιοθήκη Τρέχουσα τοποθεσία Barcode Αριθμός εισαγωγής Ημερομηνία απόκτησης Ταξιθετικό σύμβολο Αριθμός αντιτύπου Κατάσταση απόσυρσης Κατάσταση χαμένου Κατάσταση κατεστραμμένου Μη δανεισμός Σύνολο δανεισμών Ημερομηνία τελευταίας εμφάνισης Η τιμή ισχύει από
Books MC Athens Campus Library MC Athens Campus Library 9780000000729 5151 05/06/2025 650/.01/513 SHA 1           05/06/2025 05/06/2025

MC Athens Campus Library
Πατησίων 94 & Κοδριγκτώνος 13, 104 34
Πελλήνης 8 & Πατησίων 107, 112 51
Τ: +30 210 8899600

MC Thessaloniki Campus Library
Ίωνος Δραγούμη 21, 54625 | Ίωνος Δραγούμη 15, 54625
Τ: +30 2310 287779 – Τ: +30 2314 440300